[Event "DRAGOMANOV FIT 2025-MASTERS Blitz"]
[Site "Kyiv"]
[Date "2025.10.05"]
[Round "3.5"]
[White "Mikhalsky, Vladimir"]
[Black "Nykonenko, Maksym"]
[Result "1-0"]
[WhiteElo "2259"]
[BlackElo "1954"]
[PlyCount "81"]
[EventDate "2025.12.05"]
[EventType "swiss (blitz)"]
[EventRounds "9"]
[EventCountry "UKR"]

1. d4 Nf6 2. Nc3 d5 3. Bf4 c5 4. e4 cxd4 5. Qxd4 Nc6 6. Bb5 Qb6 7. Qxb6 axb6 8.
exd5 Bd7 9. dxc6 bxc6 10. Bd3 e6 11. Nf3 Bb4 12. Bd2 Be7 13. Ne4 Nd5 14. c4 Nc7
15. Bc3 O-O 16. Ne5 Be8 17. O-O f6 18. Nf3 e5 19. Ng3 Ne6 20. b4 c5 21. b5 Bf7
22. Nf5 Bd8 23. Nd6 Bh5 24. Be4 Ra7 25. Bd5 Re7 26. a4 Bc7 27. Nf5 Ree8 28. a5
bxa5 29. Bxa5 Bb8 30. b6 Kh8 31. Bxe6 Rxe6 32. Ne3 e4 33. Nd2 f5 34. Nd5 f4 35.
Nb3 Be2 36. Nxc5 Rg6 37. Nd7 f3 38. g3 Bxc4 39. Nxf8 Rh6 40. Ne3 Ba6 41. Nd7
1-0

[Event "DRAGOMANOV FIT 2025-MASTERS Blitz"]
[Site "Kyiv"]
[Date "2025.10.05"]
[Round "3.6"]
[White "Herasymenko, Maksym"]
[Black "Rodin, Alexey"]
[Result "1-0"]
[WhiteElo "2187"]
[BlackElo "1931"]
[PlyCount "73"]
[EventDate "2025.12.05"]
[EventType "swiss (blitz)"]
[EventRounds "9"]
[EventCountry "UKR"]

1. d4 Nf6 2. c4 e6 3. Nf3 b6 4. g3 Bb7 5. Bg2 Be7 6. O-O O-O 7. d5 exd5 8. Nh4
Ne4 9. cxd5 Bxh4 10. Bxe4 Bf6 11. Nc3 d6 12. Bg2 a5 13. Be3 Na6 14. Bd4 Nc5 15.
Rc1 Re8 16. Re1 h6 17. e4 Ba6 18. Re3 Bxd4 19. Qxd4 Qd7 20. Rce1 Re7 21. f4 f6
22. h4 Rae8 23. Kh2 Qg4 24. a3 Nb3 25. Qa4 Nc5 26. Qc2 Qh5 27. b4 axb4 28. axb4
Nd7 29. Bh3 Bb7 30. Nb5 Nf8 31. Nxc7 Rc8 32. Bxc8 Bxc8 33. Nb5 g5 34. Qxc8 gxh4
35. Qh3 hxg3+ 36. Rxg3+ Kh7 37. Qxh5 1-0

[Event "DRAGOMANOV FIT 2025-MASTERS Blitz"]
[Site "Kyiv"]
[Date "2025.10.05"]
[Round "3.7"]
[White "Anatskiy, Alexey"]
[Black "Rudchenko, Oleksandr"]
[Result "0-1"]
[WhiteElo "1841"]
[BlackElo "2123"]
[PlyCount "60"]
[EventDate "2025.12.05"]
[EventType "swiss (blitz)"]
[EventRounds "9"]
[EventCountry "UKR"]

1. d4 Nf6 2. Bg5 d6 3. Bxf6 gxf6 4. e3 Bf5 5. g3 c6 6. Bg2 d5 7. Nd2 e5 8. c3
Qd7 9. Qb3 Bd6 10. a4 Qe7 11. Ne2 O-O 12. O-O Bg6 13. Rfe1 Na6 14. Nf3 Rab8 15.
Nh4 Kg7 16. Nxg6 hxg6 17. e4 dxe4 18. Bxe4 f5 19. dxe5 Bxe5 20. Bg2 Qf6 21.
Rad1 Rh8 22. Nc1 Nc5 23. Qc2 Ne6 24. Nd3 Bc7 25. Re2 f4 26. Nxf4 Nxf4 27. gxf4
Qxf4 28. h3 Rxh3 29. Bxh3 Qh2+ 30. Kf1 Qh1# 0-1

[Event "DRAGOMANOV FIT 2025-MASTERS Blitz"]
[Site "Kyiv"]
[Date "2025.10.05"]
[Round "3.8"]
[White "Zhukovskyi, Oleksandr"]
[Black "Vashchenko, Illia"]
[Result "0-1"]
[WhiteElo "2120"]
[BlackElo "1918"]
[PlyCount "98"]
[EventDate "2025.12.05"]
[EventType "swiss (blitz)"]
[EventRounds "9"]
[EventCountry "UKR"]

1. e4 c5 2. Nf3 d6 3. d4 cxd4 4. Qxd4 Nc6 5. Qd3 Bg4 6. Nc3 e6 7. Be2 Bxf3 8.
Bxf3 Nf6 9. O-O Ne5 10. Qb5+ Qd7 11. Be2 Qxb5 12. Nxb5 Rc8 13. Nc3 a6 14. f4
Nc4 15. Bf3 b5 16. e5 dxe5 17. fxe5 Bc5+ 18. Kh1 Nd7 19. Bb7 Rb8 20. Bxa6 b4
21. Ne4 Ncxe5 22. Bf4 f6 23. Nxc5 Nxc5 24. Bxe5 fxe5 25. Bc4 Ke7 26. Rfe1 e4
27. Re3 Rbd8 28. Kg1 Rd2 29. Re2 Rhd8 30. Rae1 Rxe2 31. Rxe2 Rd4 32. Bb5 Kd6
33. Kf2 Ke5 34. Ke1 Nb7 35. Bc6 Nd6 36. Re3 Rc4 37. Ba4 Nf5 38. Rh3 h6 39. Bb3
Rc6 40. c3 bxc3 41. bxc3 Kf4 42. c4 e3 43. Ke2 Rd6 44. c5 Rd2+ 45. Ke1 Rxg2 46.
Bxe6 Nd4 47. Rh4+ Ke5 48. Bc4 Nf3+ 49. Kf1 Rf2# 0-1

[Event "DRAGOMANOV FIT 2025-MASTERS Blitz"]
[Site "Kyiv"]
[Date "2025.10.05"]
[Round "3.9"]
[White "Bagiryan, Vigen"]
[Black "Diak, Hryhorii"]
[Result "0-1"]
[WhiteElo "2151"]
[BlackElo "1991"]
[PlyCount "122"]
[EventDate "2025.12.05"]
[EventType "swiss (blitz)"]
[EventRounds "9"]
[EventCountry "UKR"]

1. e4 c5 2. Nc3 d6 3. g3 Nc6 4. Bg2 g6 5. Nge2 Bg7 6. O-O Nf6 7. h3 Bd7 8. d4
cxd4 9. Nxd4 O-O 10. Nb3 Rc8 11. Be3 b6 12. Kh2 Ne5 13. Nd2 Qc7 14. Qe2 b5 15.
a3 a5 16. Rac1 b4 17. axb4 axb4 18. Nd5 Nxd5 19. exd5 Nc4 20. Nxc4 Qxc4 21.
Qxc4 Rxc4 22. b3 Rc7 23. g4 Rfc8 24. Be4 f5 25. gxf5 Bxf5 26. Bxf5 gxf5 27. Rg1
Kf7 28. Rg5 Be5+ 29. Kg2 f4 30. Bxf4 Rg8 31. Rxg8 Bxf4 32. Rg4 Bxc1 33. Rxb4
Rxc2 34. Rh4 h6 35. Re4 Rb2 36. b4 Rd2 37. Rf4+ Kg6 38. Re4 Kf6 39. Re6+ Kf7
40. Rxh6 Rxd5 41. Rh4 Rb5 42. Rc4 Bd2 43. Kf3 Rxb4 44. Rc2 Bh6 45. Kg3 e5 46.
f3 Ke6 47. h4 Kf5 48. Rc6 Bf4+ 49. Kf2 Rb2+ 50. Kf1 d5 51. Rc8 Rh2 52. Rh8 d4
53. h5 d3 54. Rf8+ Kg5 55. Rd8 d2 56. Kg1 Rxh5 57. Kg2 Rh2+ 58. Kg1 Re2 59. Kf1
Re1+ 60. Kg2 d1=Q 61. Rg8+ Kf6 0-1

[Event "DRAGOMANOV FIT 2025-MASTERS Blitz"]
[Site "Kyiv"]
[Date "2025.10.05"]
[Round "3.10"]
[White "Romanov, Vladimir"]
[Black "Kovalenko, Maksym"]
[Result "0-1"]
[WhiteElo "1993"]
[BlackElo "2034"]
[PlyCount "67"]
[EventDate "2025.12.05"]
[EventType "swiss (blitz)"]
[EventRounds "9"]
[EventCountry "UKR"]

1. e4 c6 2. Nc3 d5 3. Qf3 dxe4 4. Nxe4 Nf6 5. Bc4 e6 6. c3 Be7 7. d4 O-O 8. Bf4
Nbd7 9. O-O-O Qa5 10. Nd6 Nb6 11. Bb3 Nbd5 12. Be5 Qd8 13. Nxc8 Rxc8 14. Ne2 c5
15. Kb1 cxd4 16. Nxd4 Qb6 17. Rhe1 a5 18. Bxf6 Bxf6 19. Nxe6 Nxc3+ 20. bxc3
Rxc3 21. Qd5 a4 22. Nc5 axb3 23. Qxf7+ Rxf7 24. Re8+ Rf8 25. Rxf8+ Kxf8 26.
Nd7+ Kf7 27. Nxb6 bxa2+ 28. Kxa2 Rc2+ 29. Ka3 Rxf2 30. Rd7+ Kg6 31. g4 Rxh2 32.
Rxb7 Rg2 33. Nd5 Rxg4 34. Rb5 0-1

[Event "DRAGOMANOV FIT 2025-MASTERS Blitz"]
[Site "Kyiv"]
[Date "2025.10.05"]
[Round "4.2"]
[White "Mikhaletz, Lubomir"]
[Black "Herasymenko, Maksym"]
[Result "1/2-1/2"]
[WhiteElo "2074"]
[BlackElo "2187"]
[PlyCount "67"]
[EventDate "2025.12.05"]
[EventType "swiss (blitz)"]
[EventRounds "9"]
[EventCountry "UKR"]

1. d4 d5 2. Bg5 c6 3. c3 Qb6 4. Qb3 Bf5 5. Nd2 Nd7 6. e3 Ngf6 7. Ngf3 e6 8.
Bxf6 Nxf6 9. Ne5 Qc7 10. f4 h5 11. Be2 Nd7 12. O-O h4 13. Bf3 Nxe5 14. fxe5 Be7
15. e4 Bg6 16. exd5 cxd5 17. c4 dxc4 18. Qxc4 Qd7 19. Be4 Bxe4 20. Nxe4 O-O 21.
Rad1 Rac8 22. Qb3 Rc6 23. d5 exd5 24. Qxd5 Qg4 25. Nd6 Bxd6 26. exd6 Rc2 27.
Rf2 Rxf2 28. Kxf2 Re8 29. d7 Qf4+ 30. Kg1 Qe3+ 31. Kf1 Qf4+ 32. Kg1 Qe3+ 33.
Kf1 Qf4+ 34. Kg1 1/2-1/2

[Event "DRAGOMANOV FIT 2025-MASTERS Blitz"]
[Site "Kyiv"]
[Date "2025.10.05"]
[Round "4.3"]
[White "Alexikov, Alexander"]
[Black "Maly, Alexey"]
[Result "0-1"]
[WhiteElo "2134"]
[BlackElo "2297"]
[PlyCount "172"]
[EventDate "2025.12.05"]
[EventType "swiss (blitz)"]
[EventRounds "9"]
[EventCountry "UKR"]

1. e4 c6 2. d3 d5 3. Nd2 e5 4. g3 Bd6 5. Bg2 Nf6 6. Ngf3 O-O 7. O-O Re8 8. Re1
Nbd7 9. c3 a5 10. a4 b6 11. Qc2 Ba6 12. b3 Qc7 13. Bb2 Nc5 14. Bf1 Rad8 15. b4
Ncd7 16. Qb3 h6 17. Rad1 Bf8 18. Ba3 g6 19. Rb1 axb4 20. cxb4 Bd6 21. Rec1 dxe4
22. dxe4 Bxf1 23. Kxf1 Qb7 24. Rc2 Rc8 25. Rbc1 Kg7 26. Kg2 Nf8 27. Nc4 Bb8 28.
Bb2 N8d7 29. Qe3 Qa6 30. a5 b5 31. Ncd2 Ba7 32. Qb3 c5 33. bxc5 Rxc5 34. Rxc5
Nxc5 35. Qa3 Nfd7 36. Rd1 b4 37. Qa1 Nd3 38. Rf1 Kh7 39. h4 Nxb2 40. Qxb2 Qxa5
41. Nc4 Qc5 42. Rc1 Rc8 43. Rc2 Qe7 44. Qb3 Bc5 45. Qd3 Qe6 46. Rd2 Rc7 47. Qd5
Qxd5 48. Rxd5 f6 49. Nfd2 Kg7 50. Nb3 Be7 51. Nd6 Bxd6 52. Rxd6 Nc5 53. Nd2 Rb7
54. Rc6 Nd3 55. Nb3 Kf7 56. h5 gxh5 57. Kf3 Nb2 58. Ra6 Nd1 59. Ke2 Nc3+ 60.
Kd3 Nb5 61. Kc4 Nc3 62. f3 Ne2 63. Nc5 Rc7 64. Kxb4 Nxg3 65. Ra1 h4 66. Rg1 Kg6
67. Rg2 Rc8 68. Rh2 Kh5 69. Ne6 Rg8 70. Kc4 f5 71. Kd5 fxe4 72. fxe4 Rg4 73.
Nc5 Rg5 74. Ne6 Rg4 75. Nc5 Rg8 76. Kxe5 Kg4 77. Nd7 Rg5+ 78. Kd4 h3 79. Ke3
Kh4 80. e5 Nf1+ 81. Kf4 Nxh2 82. e6 Rg7 83. Ne5 Kh5 84. Kf5 Ng4 85. Nf7 Ne3+
86. Ke4 h2 0-1

[Event "DRAGOMANOV FIT 2025-MASTERS Blitz"]
[Site "Kyiv"]
[Date "2025.10.05"]
[Round "4.4"]
[White "Yevdokymov, Maksym"]
[Black "Mikhalsky, Vladimir"]
[Result "0-1"]
[WhiteElo "2177"]
[BlackElo "2259"]
[PlyCount "84"]
[EventDate "2025.12.05"]
[EventType "swiss (blitz)"]
[EventRounds "9"]
[EventCountry "UKR"]

1. e4 g6 2. d4 Bg7 3. Nc3 d6 4. f4 Nf6 5. Nf3 O-O 6. Bd3 Na6 7. e5 dxe5 8. fxe5
Nd5 9. O-O c5 10. Nxd5 Qxd5 11. c4 Qd8 12. d5 Bg4 13. Bf4 e6 14. Be4 exd5 15.
cxd5 Qb6 16. h3 Bd7 17. Kh2 Rfe8 18. Qd2 Bb5 19. Rfe1 Rad8 20. Rad1 c4 21. d6
Nc5 22. Bd5 Nd3 23. Rf1 c3 24. bxc3 Nxf4 25. Qxf4 Bxf1 26. Bxf7+ Kh8 27. Bxe8
Be2 28. Ba4 Rf8 29. Qd2 Bxf3 30. gxf3 Bxe5+ 31. Kg2 Qa5 32. Qd5 Qxc3 33. Rd3
Qe1 34. Qe4 Qg3+ 35. Kf1 Qxh3+ 36. Ke2 Qh2+ 37. Kd1 Bxd6 38. Bb3 Be5 39. Rd2
Qg1+ 40. Kc2 Rc8+ 41. Bc4 Qc5 42. Kb3 b5 0-1

[Event "DRAGOMANOV FIT 2025-MASTERS Blitz"]
[Site "Kyiv"]
[Date "2025.10.05"]
[Round "4.5"]
[White "Vashchenko, Illia"]
[Black "Stavroyany, Sergey"]
[Result "0-1"]
[WhiteElo "1918"]
[BlackElo "2215"]
[PlyCount "52"]
[EventDate "2025.12.05"]
[EventType "swiss (blitz)"]
[EventRounds "9"]
[EventCountry "UKR"]

1. d4 Nf6 2. c4 g6 3. Nc3 d6 4. e4 Bg7 5. Be2 O-O 6. Be3 e5 7. d5 c6 8. g4 cxd5
9. cxd5 Ne8 10. Qd2 f5 11. gxf5 gxf5 12. Bg5 Bf6 13. h4 f4 14. Nf3 Kh8 15.
O-O-O Na6 16. Kb1 Nc5 17. Rdg1 Qe7 18. h5 Bxg5 19. Rxg5 Rg8 20. Rhg1 Rxg5 21.
Rxg5 Nf6 22. h6 Nfxe4 23. Nxe4 Nxe4 24. Qc2 Nxg5 25. Nxg5 Qxg5 26. Qc7 Bf5+ 0-1

[Event "DRAGOMANOV FIT 2025-MASTERS Blitz"]
[Site "Kyiv"]
[Date "2025.10.05"]
[Round "4.6"]
[White "Rudchenko, Oleksandr"]
[Black "Kovalenko, Maksym"]
[Result "0-1"]
[WhiteElo "2123"]
[BlackElo "2034"]
[PlyCount "112"]
[EventDate "2025.12.05"]
[EventType "swiss (blitz)"]
[EventRounds "9"]
[EventCountry "UKR"]

1. Nf3 d5 2. c4 e6 3. g3 Nf6 4. Bg2 c6 5. b3 Be7 6. Bb2 O-O 7. O-O Ne4 8. d3
Nd6 9. Nbd2 Bf6 10. Qc2 Bxb2 11. Qxb2 Nd7 12. Rfc1 Re8 13. b4 Nf6 14. Ne5 Nd7
15. Nef3 Nf6 16. a4 a5 17. b5 c5 18. d4 cxd4 19. Qxd4 Nf5 20. Qd3 d4 21. Ne5
Qc7 22. Ndf3 Rd8 23. c5 Rd5 24. c6 b6 25. Nc4 e5 26. Nfd2 Rc5 27. Ne4 Nxe4 28.
Bxe4 g6 29. Nd2 Rxc1+ 30. Rxc1 Be6 31. Qf3 Rd8 32. h4 Ne7 33. h5 f5 34. Bb1 Kg7
35. Kg2 Bd5 36. h6+ Kxh6 37. Ne4 fxe4 38. Bxe4 Bxe4 39. Qxe4 Kg7 40. Rh1 Qd6
41. Qh4 h5 42. Qg5 Qf6 43. Qc1 e4 44. Rh4 e3 45. Rf4 Qe5 46. Qc4 Qd5+ 47. Qxd5
Rxd5 48. Re4 Kf6 49. fxe3 d3 50. exd3 Rxd3 51. Rc4 Rxe3 52. c7 Nc8 53. Rc6+ Re6
54. Rc4 Ke7 55. Kf3 g5 56. Rc2 Kd7 0-1

[Event "DRAGOMANOV FIT 2025-MASTERS Blitz"]
[Site "Kyiv"]
[Date "2025.10.05"]
[Round "4.7"]
[White "Rodin, Alexey"]
[Black "Zhukovskyi, Myhaylo"]
[Result "0-1"]
[WhiteElo "1931"]
[BlackElo "2237"]
[PlyCount "82"]
[EventDate "2025.12.05"]
[EventType "swiss (blitz)"]
[EventRounds "9"]
[EventCountry "UKR"]

1. d4 Nf6 2. c4 e6 3. Nf3 d5 4. Nc3 Bb4 5. cxd5 exd5 6. Bg5 h6 7. Bxf6 Qxf6 8.
e3 O-O 9. Rc1 c5 10. dxc5 Rd8 11. a3 Bxc5 12. Nxd5 Qd6 13. Nf4 Qe7 14. Qc2 Bb6
15. Be2 Bg4 16. O-O Nc6 17. h3 Be6 18. Nxe6 Qxe6 19. Qc4 Qf6 20. Qc3 Qe7 21.
Rfd1 Rac8 22. Rxd8+ Rxd8 23. Bb5 Rc8 24. Qe1 Qe6 25. Bxc6 bxc6 26. Qc3 c5 27.
Qc4 Qf6 28. b3 Rd8 29. a4 Qb2 30. Qc2 Qf6 31. Rd1 Rb8 32. Qd3 Bc7 33. Rd2 Qb6
34. Rb2 Qb4 35. Qd2 Qe4 36. Qc2 Qd5 37. Rb1 Bd6 38. Rd1 Qe6 39. Qc4 Qf6 40. Qd5
Be7 41. g3 Rd8 0-1

[Event "DRAGOMANOV FIT 2025-MASTERS Blitz"]
[Site "Kyiv"]
[Date "2025.10.05"]
[Round "4.8"]
[White "Anatskiy, Alexey"]
[Black "Zhukovskyi, Oleksandr"]
[Result "0-1"]
[WhiteElo "1841"]
[BlackElo "2120"]
[PlyCount "124"]
[EventDate "2025.12.05"]
[EventType "swiss (blitz)"]
[EventRounds "9"]
[EventCountry "UKR"]

1. d4 Nf6 2. Bg5 d5 3. Bxf6 gxf6 4. e3 e5 5. c3 c5 6. g3 Nc6 7. Ne2 Qb6 8. Qb3
c4 9. Qc2 Be6 10. Bg2 O-O-O 11. Nd2 h5 12. h4 Ne7 13. b3 Bf5 14. e4 dxe4 15.
Bxe4 cxb3 16. Bxf5+ Kb8 17. axb3 Bh6 18. Nf3 Qc6 19. Be4 Qc7 20. Qa2 a6 21. b4
f5 22. Bc2 e4 23. Ne5 Nd5 24. Qa3 f6 25. Ng6 Rhe8 26. Ngf4 e3 27. f3 Bxf4 28.
gxf4 Rg8 29. b5 Rg2 30. Bd3 Nxf4 31. Nxf4 Qxf4 32. Be2 Qg3+ 33. Kd1 Rxe2 34.
Kxe2 Qf2+ 35. Kd3 Qd2+ 36. Kc4 Rc8+ 37. Kb4 a5+ 38. Kxa5 Rxc3 39. Qf8+ Rc8+ 40.
Qb4 b6+ 41. Ka4 Qc2+ 42. Ka3 Rc3+ 43. Qxc3 Qxc3+ 44. Ka4 Qxd4+ 45. Ka3 Qc5+ 46.
Ka4 Qc4+ 47. Ka3 Qc3+ 48. Ka4 Qa5+ 49. Kb3 Qxb5+ 50. Kc3 Qc5+ 51. Kd3 f4 52.
Rhc1 Qd5+ 53. Kc3 Qd2+ 54. Kc4 Qe2+ 55. Kd5 Qxf3+ 56. Kd6 e2 57. Rg1 Qd3+ 58.
Kc6 Qc4+ 59. Kxb6 Qd4+ 60. Kc6 Qxa1 61. Rxa1 f3 62. Kb6 f2 0-1

[Event "DRAGOMANOV FIT 2025-MASTERS Blitz"]
[Site "Kyiv"]
[Date "2025.10.05"]
[Round "4.9"]
[White "Diak, Hryhorii"]
[Black "Nykonenko, Maksym"]
[Result "0-1"]
[WhiteElo "1991"]
[BlackElo "1954"]
[PlyCount "116"]
[EventDate "2025.12.05"]
[EventType "swiss (blitz)"]
[EventRounds "9"]
[EventCountry "UKR"]

1. d4 Nf6 2. c4 c5 3. d5 b5 4. Nf3 g6 5. e3 Bg7 6. cxb5 a6 7. Nc3 axb5 8. Bxb5
O-O 9. O-O Qb6 10. Nd2 e6 11. Nc4 Qd8 12. d6 Na6 13. e4 Bb7 14. f3 Nb4 15. Bg5
h6 16. Bh4 g5 17. Bf2 Rc8 18. a3 Na6 19. Qd2 Nb8 20. Be3 Nh5 21. g4 Nf6 22. h4
Nh7 23. hxg5 Nxg5 24. Kg2 Nc6 25. Bxc6 Bxc6 26. Rh1 Qf6 27. Raf1 Qg6 28. Rh5
Bxc3 29. Qxc3 Nxe4 30. Qc2 Ng5 31. Qxg6+ fxg6 32. Rxh6 Nxf3 33. Kg3 Kg7 34.
Rfh1 Rh8 35. g5 Rcf8 36. Rxh8 Rxh8 37. Rxh8 Kxh8 38. Bxc5 Nxg5 39. Kf4 Ne4 40.
Bd4+ Kg8 41. Ne5 Bd5 42. Nxd7 Nxd6 43. b4 Nb5 44. a4 Nxd4 45. b5 Bb3 46. Ke5
Bxa4 47. Kxd4 Bxb5 48. Nf6+ Kf7 49. Ke5 Bc6 50. Ng4 Bf3 51. Ne3 Ke7 52. Nc4 Bd5
53. Nd6 g5 54. Nc8+ Kd7 55. Nb6+ Kc6 56. Na4 Kb5 57. Nc3+ Kc4 58. Ne2 Kd3 0-1

[Event "DRAGOMANOV FIT 2025-MASTERS Blitz"]
[Site "Kyiv"]
[Date "2025.10.05"]
[Round "4.10"]
[White "Romanov, Vladimir"]
[Black "Bagiryan, Vigen"]
[Result "0-1"]
[WhiteElo "1993"]
[BlackElo "2151"]
[PlyCount "75"]
[EventDate "2025.12.05"]
[EventType "swiss (blitz)"]
[EventRounds "9"]
[EventCountry "UKR"]

1. e4 c5 2. Nf3 Nc6 3. d4 cxd4 4. Nxd4 e5 5. Nb5 d6 6. c4 a6 7. N5c3 Nf6 8. Be2
Be7 9. Be3 Be6 10. O-O O-O 11. f3 Rc8 12. Kh1 Nh5 13. Qd2 g6 14. Na3 f5 15. Nc2
f4 16. Bf2 Bh4 17. Bd3 Bxf2 18. Qxf2 Ne7 19. b3 b5 20. Nb4 bxc4 21. bxc4 Bxc4
22. Bxc4+ Rxc4 23. Nbd5 Nxd5 24. Nxd5 Rf7 25. Rab1 Rc5 26. Rb2 Kg7 27. Rfb1 Nf6
28. Nxf6 Qxf6 29. h3 Rfc7 30. Kh2 Qe7 31. Rd1 R5c6 32. Qd2 h5 33. Qd5 g5 34.
Rb8 Qf7 35. Qa5 g4 36. fxg4 hxg4 37. hxg4 f3 38. Qd2 {time} 0-1

[Event "DRAGOMANOV FIT 2025-MASTERS Blitz"]
[Site "Kyiv"]
[Date "2025.10.05"]
[Round "5.1"]
[White "Mikhalsky, Vladimir"]
[Black "Podolskyi, Mykhailo"]
[Result "0-1"]
[WhiteElo "2259"]
[BlackElo "2272"]
[PlyCount "66"]
[EventDate "2025.12.05"]
[EventType "swiss (blitz)"]
[EventRounds "9"]
[EventCountry "UKR"]

1. d4 d5 2. Nc3 Nf6 3. Bf4 a6 4. e3 Bf5 5. f3 e6 6. g4 Bg6 7. h4 h6 8. h5 Bh7
9. Bd3 Bxd3 10. Qxd3 c5 11. Nge2 Nc6 12. a3 Bd6 13. O-O Bxf4 14. Nxf4 cxd4 15.
exd4 Qb6 16. Nfe2 Ne5 17. Na4 Qa7 18. Qb3 Nc4 19. Rad1 O-O 20. Qb4 Ne3 21. Nb6
Rad8 22. c3 Nd7 23. Nxd7 Rxd7 24. Nc1 Nxf1 25. Kxf1 Qb8 26. Kg2 e5 27. dxe5
Qxe5 28. Nd3 Qe2+ 29. Nf2 Re8 30. Qb3 Re3 31. Rxd5 Qxf3+ 32. Kf1 Qxd5 33. Qxd5
Rxd5 0-1

[Event "DRAGOMANOV FIT 2025-MASTERS Blitz"]
[Site "Kyiv"]
[Date "2025.10.05"]
[Round "5.2"]
[White "Maly, Alexey"]
[Black "Mikhaletz, Lubomir"]
[Result "1-0"]
[WhiteElo "2297"]
[BlackElo "2074"]
[PlyCount "41"]
[EventDate "2025.12.05"]
[EventType "swiss (blitz)"]
[EventRounds "9"]
[EventCountry "UKR"]

1. d4 d6 2. c4 e5 3. Nc3 Nf6 4. Nf3 exd4 5. Nxd4 d5 6. e3 c5 7. Nf3 Be6 8. cxd5
Nxd5 9. Bb5+ Nc6 10. Nxd5 Qxd5 11. Qa4 Rc8 12. Qxa7 c4 13. Qa4 Qd3 14. Ne5 Qe4
15. Nxc4 Qxg2 16. Rf1 Bc5 17. Bd2 Bg4 18. Ne5 O-O 19. Qxg4 Qd5 20. Nxc6 bxc6
21. Bc3 1-0

[Event "DRAGOMANOV FIT 2025-MASTERS Blitz"]
[Site "Kyiv"]
[Date "2025.10.05"]
[Round "5.3"]
[White "Grebeniuk, Semen"]
[Black "Stavroyany, Sergey"]
[Result "1/2-1/2"]
[WhiteElo "2200"]
[BlackElo "2215"]
[PlyCount "55"]
[EventDate "2025.12.05"]
[EventType "swiss (blitz)"]
[EventRounds "9"]
[EventCountry "UKR"]

1. d4 Nf6 2. Nf3 g6 3. Bg5 Bg7 4. Nbd2 d6 5. e4 O-O 6. c3 c6 7. a4 a5 8. Bd3
Qc7 9. O-O e5 10. dxe5 dxe5 11. Re1 Nbd7 12. Qc2 h6 13. Bh4 Re8 14. Nc4 Nh5 15.
Bf1 Nc5 16. Nfd2 Bf6 17. Bg3 Be6 18. Ne3 Rad8 19. Ndc4 Bc8 20. Red1 Nxg3 21.
hxg3 Bg5 22. Rxd8 Rxd8 23. Rd1 Rxd1 24. Nxd1 h5 25. Nce3 Bxe3 26. Nxe3 Be6 27.
Bc4 Qd6 28. Bxe6 1/2-1/2

[Event "DRAGOMANOV FIT 2025-MASTERS Blitz"]
[Site "Kyiv"]
[Date "2025.10.05"]
[Round "5.4"]
[White "Kovalenko, Maksym"]
[Black "Herasymenko, Maksym"]
[Result "0-1"]
[WhiteElo "2034"]
[BlackElo "2187"]
[PlyCount "160"]
[EventDate "2025.12.05"]
[EventType "swiss (blitz)"]
[EventRounds "9"]
[EventCountry "UKR"]

1. d4 d5 2. Nf3 Nf6 3. c4 c6 4. Nc3 e6 5. Bg5 dxc4 6. e3 b5 7. Be2 Be7 8. O-O
Bb7 9. Ne5 Nbd7 10. Bf3 Nxe5 11. dxe5 Nd7 12. Bxe7 Qxe7 13. Nxb5 O-O 14. Nd6
Nxe5 15. Nxb7 Qxb7 16. Be4 Qxb2 17. Qh5 Ng6 18. Bxc6 Rac8 19. Be4 c3 20. Bxg6
hxg6 21. Qe5 Rfd8 22. Rac1 Rd5 23. Qf4 Qxa2 24. Qb4 Qd2 25. Qb7 Rcd8 26. g3
R5d7 27. Qc6 Rd3 28. Qc7 R8d7 29. Qc8+ Kh7 30. Qc4 R7d5 31. Qh4+ Rh5 32. Qf4 c2
33. Kg2 Rdd5 34. e4 Qxf4 35. gxf4 Rd2 36. Ra1 Rc5 37. Rfc1 a5 38. Ra2 g5 39.
fxg5 Rxg5+ 40. Kf3 Rh5 41. Ke3 Rd7 42. Rcxc2 Rxh2 43. Rxa5 Rb7 44. Ra3 Rh3+ 45.
f3 Rh1 46. Kf4 f6 47. Kg3 e5 48. Rh2+ Rxh2 49. Kxh2 Kg6 50. Kg3 Rb1 51. Ra7
Rg1+ 52. Kf2 Rc1 53. Kg3 Rc2 54. Ra8 Kg5 55. Rg8 g6 56. Re8 Rc3 57. Re7 Ra3 58.
Re8 Ra1 59. Rf8 f5 60. exf5 gxf5 61. Rg8+ Kf6 62. Rf8+ Kg6 63. Rg8+ Kf7 64. Rb8
f4+ 65. Kg4 Ke6 66. Re8+ Kd5 67. Kf5 Re1 68. Rd8+ Kc5 69. Re8 Kd4 70. Re7 Rh1
71. Rd7+ Ke3 72. Kxe5 Rh5+ 73. Kf6 Kxf3 74. Rd2 Ke3 75. Ra2 f3 76. Kg6 Rb5 77.
Kf6 f2 78. Ra3+ Ke2 79. Ra2+ Kf3 80. Ra1 Kg2 0-1

[Event "DRAGOMANOV FIT 2025-MASTERS Blitz"]
[Site "Kyiv"]
[Date "2025.10.05"]
[Round "5.5"]
[White "Zhukovskyi, Myhaylo"]
[Black "Rudchenko, Oleksandr"]
[Result "1-0"]
[WhiteElo "2237"]
[BlackElo "2123"]
[PlyCount "102"]
[EventDate "2025.12.05"]
[EventType "swiss (blitz)"]
[EventRounds "9"]
[EventCountry "UKR"]

1. Nf3 c5 2. g3 g6 3. Bg2 Bg7 4. O-O Nc6 5. c4 e5 6. Nc3 Nge7 7. Ne1 O-O 8. Nc2
d6 9. Ne3 a6 10. Ned5 Rb8 11. a3 b5 12. b3 Nxd5 13. Nxd5 Ne7 14. Nc3 Be6 15. d3
d5 16. cxd5 Nxd5 17. Bd2 Rc8 18. Rc1 f5 19. Qc2 Qd7 20. Nd1 Rfd8 21. Bg5 Re8
22. Bd2 h6 23. a4 Qf7 24. Rb1 Nb4 25. Bxb4 cxb4 26. Qd2 bxa4 27. bxa4 a5 28.
Nb2 Red8 29. Rfc1 e4 30. Rxc8 Bxc8 31. Qc2 exd3 32. Nxd3 Be6 33. Qc5 Ba2 34.
Qxa5 Bxb1 35. Qxd8+ Kh7 36. Nxb4 Qc4 37. Bd5 Qc1+ 38. Kg2 h5 39. h4 Qc5 40.
Bg8+ Kh8 41. Bd5+ Kh7 42. Nc6 Ba2 43. Qg8+ Kh6 44. Ne7 Qxe7 45. Bxa2 Qxe2 46.
Qd5 Qe1 47. Bc4 Qa1 48. Qd2+ Kh7 49. a5 Bd4 50. a6 Qa4 51. Qxd4 Kh6 1-0

[Event "DRAGOMANOV FIT 2025-MASTERS Blitz"]
[Site "Kyiv"]
[Date "2025.10.05"]
[Round "5.6"]
[White "Zhukovskyi, Oleksandr"]
[Black "Yevdokymov, Maksym"]
[Result "1/2-1/2"]
[WhiteElo "2120"]
[BlackElo "2177"]
[PlyCount "102"]
[EventDate "2025.12.05"]
[EventType "swiss (blitz)"]
[EventRounds "9"]
[EventCountry "UKR"]

1. Nf3 Nf6 2. b3 d5 3. Bb2 c5 4. e3 Nc6 5. d4 Bf5 6. Be2 e6 7. O-O Be7 8. dxc5
Bxc5 9. c4 O-O 10. Nh4 d4 11. Nxf5 exf5 12. exd4 Bxd4 13. Bxd4 Nxd4 14. Nc3 Qd6
15. Bf3 Rad8 16. Nd5 Nxf3+ 17. Qxf3 Nxd5 18. Rad1 Qf4 19. Qd3 Ne3 20. Qxe3 Qxe3
21. fxe3 g6 22. Kf2 Rfe8 23. Rd4 Rc8 24. Rfd1 Rc6 25. Rd7 Ra6 26. R1d2 Rb6 27.
c5 Rb5 28. Rc7 a5 29. Rdd7 Rf8 30. Rxb7 Rxc5 31. Rdc7 Re5 32. Rc3 Rfe8 33. Rcc7
Rf8 34. Rc3 Re4 35. Ra7 Re5 36. Kf3 Kg7 37. Kf2 Kf6 38. Rc6+ Kg5 39. Rc4 h5 40.
h4+ Kh6 41. Rcc7 Kg7 42. Re7 Rxe7 43. Rxe7 Ra8 44. a4 Rb8 45. Ra7 Rxb3 46. Rxa5
Rb4 47. g3 Kf6 48. Kf3 Rb1 49. Ra6+ Ke5 50. Ra7 Kf6 51. Ra6+ Ke5 1/2-1/2

[Event "DRAGOMANOV FIT 2025-MASTERS Blitz"]
[Site "Kyiv"]
[Date "2025.10.05"]
[Round "5.7"]
[White "Nykonenko, Maksym"]
[Black "Alexikov, Alexander"]
[Result "0-1"]
[WhiteElo "1954"]
[BlackElo "2134"]
[PlyCount "76"]
[EventDate "2025.12.05"]
[EventType "swiss (blitz)"]
[EventRounds "9"]
[EventCountry "UKR"]

1. e4 c6 2. d4 d5 3. e5 Bf5 4. h4 h5 5. Bg5 Qb6 6. Bd3 Bxd3 7. Qxd3 Qxb2 8. e6
Qxa1 9. Qb3 b5 10. Ne2 a5 11. O-O a4 12. Qa3 fxe6 13. Nbc3 Qxf1+ 14. Kxf1 Nf6
15. Qc5 Nfd7 16. Qb4 e5 17. dxe5 e6 18. Qf4 Be7 19. Nd4 Nc5 20. Bxe7 Kxe7 21.
Qg5+ Kf7 22. f4 Ra7 23. f5 exf5 24. e6+ Ke8 25. Qg6+ Kd8 26. Nxf5 Rf8 27. Kg1
Rf6 28. Qxh5 Nxe6 29. Qh8+ Rf8 30. Qh5 Raf7 31. Nd6 Rf6 32. Qg5 Kd7 33. Nb7 Kc7
34. Na5 Kb6 35. Qe3+ Kxa5 36. Qa7+ Na6 37. a3 Nec5 38. Na2 R6f7 0-1

[Event "DRAGOMANOV FIT 2025-MASTERS Blitz"]
[Site "Kyiv"]
[Date "2025.10.05"]
[Round "5.8"]
[White "Bagiryan, Vigen"]
[Black "Vashchenko, Illia"]
[Result "1-0"]
[WhiteElo "2151"]
[BlackElo "1918"]
[PlyCount "61"]
[EventDate "2025.12.05"]
[EventType "swiss (blitz)"]
[EventRounds "9"]
[EventCountry "UKR"]

1. e4 c5 2. Nc3 a6 3. a4 e6 4. f4 Nc6 5. Nf3 d5 6. exd5 exd5 7. d4 Nf6 8. h3 h5
9. Be3 c4 10. Ne5 Bb4 11. Be2 Ne4 12. O-O Nxc3 13. bxc3 Bxc3 14. Rb1 Nb4 15.
Bxh5 g6 16. Nxg6 fxg6 17. Bxg6+ Kf8 18. f5 Qf6 19. Kh1 Nc6 20. Qf3 Ne7 21. Qg3
Bxd4 22. Bg5 Qe5 23. Bf4 Qf6 24. Rbe1 Bxf5 25. Bg5 Qxg6 26. Bxe7+ Kf7 27. Qf4
Rh5 28. Qxd4 Qc6 29. Bh4 Rah8 30. Re7+ Kf8 31. Qg7# 1-0